Примусові заходи медичного характеру як засіб попередження злочинності (Запис № 572435)

МАРК-запис
000 -Лідер
fixed length control field 02037nam a22002297a 4500
003 - Ідентифікатор контрольного номера
control field UA-OsUOA
005 - Дата та час останнього входження (трансакції)
control field 20220501224701.0
008 - Елементи даних фіксованої довжини – загальна інформація
fixed length control field 220501b un ||||| |||| 00| 0 ukr d
040 ## - Джерело каталогізації
Агенція оригінальної каталогізації UA-OsUOA
Мова каталогізації ukr
Агенція, яка здійснювала перезапис UA-OsUOA
Агенція, яка здійснювала модифікацію UA-OsUOA
041 ## - Код мови
Код мови тексту/ звукової доріжки чи окремого заголовка (П) ukr
080 ## - Індекс Універсальної десяткової класифікації
Індекс Універсальної десяткової класифікації (УДК) (НП) 343.268
090 ## - Локальний шифр розміщення
Класифікаційний індекс УДК 343.268
095 ## - Код спеціальності для авторефератів
Код спеціальності 12.00.08
Назва спеціальності кримінальне право та кримінологія; кримінально-виконавче право
100 ## - Основне введення – ім’я особи
Ім’я особи (НП) Книга М.М.
245 ## - Відомості про назву
Назва (НП) Примусові заходи медичного характеру як засіб попередження злочинності
Дані про відповідальність (НП) Книга Максим Михайлович; наук. керівник Лень Валентин Валентинович
260 ## - Публікація, розповсюдження і т.п. (Вихідні дані)
Місце публікації, розповсюдження і т.п. (П) Дніпропетровськ
Дата публікації, розповсюдження і т.п. (П) 2009
300 ## - Фізичний опис
Обсяг 20 с.
502 ## - Примітка про дисертацію
Зв'язок Автореферат дисертації на здобуття наукового ступеня кандидата юридичних наук<br/>
Наймення інституції, що представляється Дніпропетровський державний університет внутрішніх справ
Рік отримання вченого ступеня 2009
520 ## - Резюме і т.п.
Резюме, реферат, анотація, тощо (НП) Робота є першим в Україні комплексним і системним дослідженням проблем застосування примусових заходів медичного характеру. Розглянуто проблеми попередження злочинної та іншої суспільно небезпечної діяльності психічно хворих осіб, кримінально-правові питання застосування, продовження, зміни і припинення зазначених заходів. Сформульовано пропозиції щодо вдосконалення норм кримінального законодавства, які регулюють інститут примусових заходів медичного характеру.
650 ## - Додаткове предметне введення – тематичний термін
Джерело заголовка чи терміна UDC
Тематичний термін чи географічна назва, як елемент введення (НП) 34 Право
942 ## - Додаткові елементи входу (Коха)
Source of classification or shelving scheme Universal Decimal Classification
Тип елемента Koha Автореферат

Немає доступних примірників.